Marvel Characters by Picture- 60 Seconds - Statistics

General Stats
  • This quiz has been taken 335 times
  • The average score is 14 of 16
Answer Stats
Picture Answer % Correct
Thor
100%
Spider-Man
97%
Doctor Strange
96%
Captain Marvel
92%
Loki
92%
Ant-Man
90%
Star Lord
88%
Nick Fury
87%
Hawkeye
86%
Captain America
85%
Iron Man
83%
Hulk
82%
Gamora
79%
Pepper Potts
75%
Black Widow
74%
Thanos
64%
No matching quizzes found
Score Distribution
Percent of People with Each Score
Percentile by Number Answered
Your Score History
You have not taken this quiz